HUMAN ANATOMY & PHYSIOLOGY -I (Record no. 33055)

MARC details
000 -LEADER
fixed length control field 00317nam a22001457a 4500
003 - CONTROL NUMBER IDENTIFIER
control field SGT
020 ## - INTERNATIONAL STANDARD BOOK NUMBER
International Standard Book Number 938426665-5
082 ## - DEWEY DECIMAL CLASSIFICATION NUMBER
Classification number 611
Item number ARO
100 ## - MAIN ENTRY--PERSONAL NAME
Personal name ARORA, PANKAJ
245 ## - TITLE STATEMENT
Title HUMAN ANATOMY & PHYSIOLOGY -I
260 ## - PUBLICATION, DISTRIBUTION, ETC. (IMPRINT)
Place of publication, distribution, etc INDIA
Name of publisher, distributor, etc BIRLA PUB.
Year of Publication 2027
300 ## - PAGE DESCRIPTION
No. of Pages 305
650 ## - SUBJECT ADDED ENTRY--TOPICAL TERM
Topical term or geographic name as entry element HUMAN ANATOMY
942 ## - ADDED ENTRY ELEMENTS (KOHA)
Source of classification or shelving scheme Dewey Decimal Classification
Koha item type Books
Holdings
Withdrawn status Lost status Source of classification or shelving scheme Damaged status Not for loan Collection code Home library Current library Shelving location Date acquired Vendor Name Cost, normal purchase price SGTU Bill Number Total Checkouts Full call number Accession No. (Barcode) Date last seen Bill Date Koha item type Date last borrowed
    Dewey Decimal Classification     SCIENCE SGT Science & Social Sciences Library SGT Science & Social Sciences Library Text Book 31/10/2025 ABC 320.00 SGTU 21721   611 ARO DP1446 31/10/2025 17/09/2025 Books  
    Dewey Decimal Classification     SCIENCE SGT Science & Social Sciences Library SGT Science & Social Sciences Library Text Book 31/10/2025 ABC 320.00 SGTU 21721   611 ARO DP1447 31/10/2025 17/09/2025 Books  
    Dewey Decimal Classification     SCIENCE SGT Science & Social Sciences Library SGT Science & Social Sciences Library Text Book 31/10/2025 ABC 320.00 SGTU 21721 1 611 ARO DP1448 08/01/2026 17/09/2025 Books 24/12/2025
    Dewey Decimal Classification     SCIENCE SGT Science & Social Sciences Library SGT Science & Social Sciences Library Text Book 31/10/2025 ABC 320.00 SGTU 21721   611 ARO DP1449 31/10/2025 17/09/2025 Books  
    Dewey Decimal Classification     SCIENCE SGT Science & Social Sciences Library SGT Science & Social Sciences Library Text Book 31/10/2025 ABC 320.00 SGTU 21721   611 ARO DP1450 31/10/2025 17/09/2025 Books